000 00855nam a2200301 a 4500
001 000115971
003 CHAP
005 20220329144555.0
008 190823s2007 mx |r| ||||||spa d
010 _a112432
011 _a113404
020 _a9786070036804
040 _cCHAP
082 0 4 _a861
_bR17
100 1 _aRamos Koprivitza, Frida Varinia.
_9136661
245 1 0 _aKokay :
_bálbum de familia /
_cpor Frida Varinia Ramos Koprivitza.
260 _aMorelos :
_bQuadrivium editores,
_c2007.
300 _a73 p.
490 _aEl divan de las quimeras
590 _aBATCH-UPD
_b05
_c20190823
_lUCH01
_h1036
590 _aE5765TAJ
_b05
_c20190823
_lUCH01
_h1035
650 1 4 _aLiteratura mexicana.
_967138
650 1 4 _aPoesía mexicana.
_990146
830 3 _aEl divan de las quimeras
_9136662
901 _aBK
942 _cLIBRO
942 _n0
999 _c112432
_d112432